Kliknij na tytuł piosenki Nirvany poprzez ostatnie słowo - Statystyki

Ogólne statystyki
  • Ten quiz został rozwiązany 23 razy
  • Średni wynik to 13 z 22
Statystyki odpowiedzi
Hint Odpowiedź % Poprawnych
About a Girl
93%
All Apologies
86%
Come as you Are
86%
Rape Me
86%
Smells like teen Spirit
86%
Stay Away
79%
In Bloom
79%
Something in the Way
71%
Heart-Shaped Box
64%
Territorial Pissings
64%
On a Plain
64%
You Know You're Right
64%
Drain You
57%
Pennyroyal Tea
50%
Lounge Act
36%
Mr. Moustache
36%
Serve the Servants
36%
Love Buzz
29%
Big Cheese
29%
Milt It
29%
Scentless Apprentice
21%
Negative Creep
21%
Nie znaleziono quizów pasujących do podanych kryteriów
Rozkład punktacji
Procent ludzi z każdym wynikiem
Percentyl według liczby udzielonych odpowiedzi
Twoja historia wyników
Nie rozwiązałeś tego quizu